Elements of modern physics (Record no. 9927)

000 -LEADER
fixed length control field 00590nam a22001931 4500
001 - CONTROL NUMBER
control field 9927
003 - CONTROL NUMBER IDENTIFIER
control field BD-DhUET
008 - FIXED-LENGTH DATA ELEMENTS--GENERAL INFORMATION
fixed length control field 850509s1961 nyua b 000 0 eng
040 ## - CATALOGING SOURCE
Original cataloging agency DLC/ICU
Transcribing agency ICU
Modifying agency BD-DhUET
082 00 - DEWEY DECIMAL CLASSIFICATION NUMBER
Classification number 539
Item number COP/1961
100 1# - MAIN ENTRY--PERSONAL NAME
Personal name Copeland, Paul L.
245 10 - TITLE STATEMENT
Title Elements of modern physics
Remainder of title a course in those aspects of modern physics that underlie important engineering developments
250 ## - EDITION STATEMENT
Edition statement 1st ed.
260 ## - PUBLICATION, DISTRIBUTION, ETC. (IMPRINT)
Place of publication, distribution, etc. New York
Name of publisher, distributor, etc. Oxford University Press
Date of publication, distribution, etc. 1961
300 ## - PHYSICAL DESCRIPTION
Extent 507 p.
Other physical details illus.
Dimensions 24 cm.
650 #0 - SUBJECT ADDED ENTRY--TOPICAL TERM
Topical term or geographic name as entry element Modern Physics
700 1# - ADDED ENTRY--PERSONAL NAME
Personal name Bennett, William E.
942 ## - ADDED ENTRY ELEMENTS (KOHA)
Koha item type General Book
Holdings
Price effective from Piece designation (barcode) Source of classification or shelving scheme Date acquired Sublocation or collection (holding branch) Lost status Damaged status Withdrawn status Location (home branch) Copy number Koha item type Koha full call number Not for loan Koha date last seen Shelving location Koha normalized classification for sorting
2015-02-0384375 2015-02-03Central Library, BUET   Central Library, BUET1General Book539/COP/1961 2015-02-03Circulation section539_000000000000000_COP_1961
2015-03-1412929 2015-03-14Central Library, BUET   Central Library, BUET2General Book539/COP/1961 2015-03-14Circulation section539_000000000000000_COP_1961
2015-04-2714067 2015-04-27Central Library, BUET   Central Library, BUET3General Book539/COP/1961 2015-04-27Circulation section539_000000000000000_COP_1961